| 000 | 00906nam a22002417a 4500 | ||
|---|---|---|---|
| 999 |
_c7311 _d7311 |
||
| 003 | AR-CdUCM | ||
| 008 | 190320b ||||| |||| 00| 0 spa d | ||
| 040 |
_aMUNICIPALIDAD PROVINCIAL DEL CUSCO _cBIBLIOTECA MUNICIPAL DEL CUSCO |
||
| 082 |
_a320 / _bM28 |
||
| 100 |
_aMatthews, H. L. _920621 |
||
| 245 | _aLos Estados Unidos y América Latina / | ||
| 260 |
_aMexico : _bGrijalbo, _c1967. |
||
| 300 |
_a159 páginas ; _c18 cm. |
||
| 440 |
_aColección 70 _n7 _912885 |
||
| 505 | _aLas relaciones diplomáticas de los estados unidos con américa latina -- El panamericanismo y los estados unidos -- La política económica -- Los estados unidos y américa latina... | ||
| 650 |
_aAmérica latina. _94491 |
||
| 650 |
_aRelaciones diplomáticas. _98701 |
||
| 650 |
_aPolítica económica. _91407 |
||
| 650 |
_aGuerra fría. _95243 |
||
| 700 |
_aSilvert, K. H. _912889 |
||
| 942 |
_2ddc _cLIBROS |
||
| 945 | _awfj | ||